Kolory na kostce Rubika - Statystyki

Ogólne statystyki
  • Ten quiz został rozwiązany 259 razy
  • Średni wynik to 6 z 6
Statystyki odpowiedzi
Odpowiedź % Poprawnych
Czerwony
100%
Niebieski
100%
Zielony
100%
Żółty
100%
Biały
99%
Pomarańczowy
95%
Nie znaleziono quizów pasujących do podanych kryteriów
Rozkład punktacji
Procent ludzi z każdym wynikiem
Percentyl według liczby udzielonych odpowiedzi
Twoja historia wyników
Nie rozwiązałeś tego quizu